| 000 | 00817nam a22002295i 4500 | ||
|---|---|---|---|
| 001 | 177522 | ||
| 003 | ES-MaACL | ||
| 005 | 20230906220345.0 | ||
| 008 | 110330s1965 sp ao |||| | spa d | ||
| 080 | _a616-006.6 | ||
| 100 | 1 |
_aGuijosa Pernús, Juan. _960682 |
|
| 245 | 1 | 0 |
_aEtiopatogenia, diagnóstico y tratamiento médico del cáncer _b: (revisión y conceptos actuales) / _cpor Juan Guijosa Pernús. |
| 260 |
_aMadrid : _bMontecorvo, _c1965. |
||
| 300 |
_a329 p. : _bil. bl. y n. ; _c25 cm. |
||
| 490 | 1 |
_aMonografías. Colección de estudios médicos ; _v9 |
|
| 500 | _aÍndices. | ||
| 504 | _aBibliografía: p. 275-298. | ||
| 650 | 4 |
_aCáncer. _9145907 |
|
| 830 | 0 |
_aMonografías. Colección de estudios médicos ; _v9 _9190473 |
|
| 852 |
_aES-MaACL _jE-14734 _xOlim P-201-Ter |
||
| 999 |
_c177522 _d177522 |
||